00719nam a2200145 a 450000100100000000500170001000800410002702000180006804000250008610000400011124501380015126001060028930000210039550001570041600003787920201002031130.0130307s2012 dr 000 0 spa d a9789993444923 aDO-SdBNPbspacBNPHU1 aRodríguez Echavarría, Freddy A.10aBarack Obama :buna gestión pública positiva, económica, bienestar social y otros temas, /cFreddy A. Rodríguez Echavarría. aSanto Domingo :bFundación Dominicana de Estudios Económicos, Sociales y comunicacionales,c2012. a104 p. ;c24 cm. aIdeas y conceptualizaciones que necesita para conocer a profundicad del presidente Barack Obam, desde el punto de vista económico, político y social